| 000 | 00817cam a22002534a 4500 | ||
|---|---|---|---|
| 001 | 16714933 | ||
| 005 | 20170105102920.0 | ||
| 008 | 110331s2011 ctua 000 0deng | ||
| 010 | _a 2011013537 | ||
| 020 | _a9780300187793 (cl : alk. paper) | ||
| 040 |
_aDLC _cDLC _dDLC |
||
| 042 | _apcc | ||
| 050 | 0 | 0 |
_aB72 _b.W365 2011 |
| 082 | 0 | 0 |
_a190 _222 |
| 100 | 1 |
_aWarburton, Nigel, _d1962- |
|
| 245 | 1 | 2 |
_aA little history of philosophy / _cNigel Warburton. |
| 260 |
_aNew Haven : _bYale University Press, _cc2011. |
||
| 300 |
_a252 p. : _bill ; _c23 cm. |
||
| 650 | 0 |
_aPhilosophy _xHistory. |
|
| 650 | 0 | _aPhilosophers. | |
| 906 |
_a0 _bvip _corignew _d1 _eecip _f20 _gy-gencatlg |
||
| 942 |
_2ddc _cBK |
||
| 999 |
_c15535 _d15535 |
||